header

Parades and the politics of the street (Record no. 127385)

MARC details
000 -LEADER
fixed length control field 01808nam a2200409 a 4500
082 04 - DEWEY DECIMAL CLASSIFICATION NUMBER
Classification number 973.4
100 1# - MAIN ENTRY--AUTHOR NAME
Personal name Newman, Simon P.
245 10 - TITLE STATEMENT
Title Parades and the politics of the street
260 ## - PUBLICATION, DISTRIBUTION, ETC. (IMPRINT)
Place of publication Philadelphia, Pa. :
Name of publisher Penn, University of Pennsylvania Press,
Year of publication 1997.
300 ## - PHYSICAL DESCRIPTION
Number of Pages xiv, 271 p. :
Other physical details ill., maps.
490 1# - SERIES STATEMENT
Series statement Early American studies
650 #0 - SUBJECT ADDED ENTRY--TOPICAL TERM
Topical Term Festivals
Topical Term Political culture
Topical Term Festivals
Topical Term Political culture
856 40 - ELECTRONIC LOCATION AND ACCESS
Uniform Resource Identifier http://site.ebrary.com/lib/rucke/Doc?id=10491875

No items available.

© 2026 Rongo University
Contact us: librarian | system librarian | Rongo university